[Event "Ricany op"]
[Site "Ricany"]
[Date "2016.08.31"]
[Round "6"]
[White "Kuhnmund, Ivan"]
[Black "Kucera, Josef"]
[Result "1/2-1/2"]
[WhiteElo "1709"]
[BlackElo "1716"]
[PlyCount "52"]
[EventDate "2016.08.27"]
[EventType "swiss"]
[EventRounds "9"]
[EventCountry "CZE"]
[SourceTitle "CBM 174 Extra"]
[Source "ChessBase"]
[SourceDate "2016.10.10"]
[SourceVersion "1"]
[SourceVersionDate "2016.10.10"]
[SourceQuality "1"]

1. e4 g6 2. h4 d5 3. h5 Bg7 4. exd5 Qxd5 5. Nc3 Bxc3 6. bxc3 Bf5 7. Be2 Nf6 8. hxg6 Bxg6 9. Bf3 Be4 10. d3 Bxf3 11. Qxf3 Rg8 12. g3 Nc6 13. Qxd5 Nxd5 14. Ne2 Rh8 15. Bh6 0-0-0 16. Bg7 Rhg8 17. Rxh7 e5 18. 0-0-0 f5 19. Bh6 Nf6 20. Rg7 Ng4 21. Rxg8 Rxg8 22. Be3 Rh8 23. Kd2 Rh2 24. Ke1 Rh1+ 25. Kd2 Rh2 26. Ke1 Rh1+ 1/2-1/2

[Event "Prague op-B 14th"]
[Site "Prague"]
[Date "2015.01.15"]
[Round "8"]
[White "Cabart, Pavel"]
[Black "Kucera, Josef"]
[Result "1-0"]
[WhiteElo "1687"]
[BlackElo "1781"]
[PlyCount "39"]
[EventDate "2015.01.09"]
[EventType "swiss"]
[EventRounds "9"]
[EventCountry "CZE"]
[SourceTitle "CBM 164 Extra"]
[Source "ChessBase"]
[SourceDate "2015.03.02"]
[SourceVersion "1"]
[SourceVersionDate "2015.03.02"]
[SourceQuality "1"]

1. e4 g6 2. d4 Bg7 3. Nc3 d6 4. Bg5 Nf6 5. Qd2 c6 6. Nf3 Qa5 7. Bd3 Bg4 8. Bh6 Bxh6 9. Qxh6 Bxf3 10. gxf3 Qb4 11. 0-0-0 Qxd4 12. Nb5 Qb6 13. Nxd6+ exd6 14. Qg7 Rf8 15. Qxf6 Nd7 16. Qxd6 0-0-0 17. Qg3 Nc5 18. Bc4 Rxd1+ 19. Rxd1 Qb4 20. Qd6 1-0

[Event "Prague Golden op 10th"]
[Site "Prague"]
[Date "2014.06.25"]
[Round "5"]
[White "Pribyl, Viktor"]
[Black "Kucera, Josef"]
[Result "0-1"]
[WhiteElo "1496"]
[BlackElo "1786"]
[PlyCount "52"]
[EventDate "2014.06.22"]
[EventType "swiss"]
[EventRounds "9"]
[EventCountry "CZE"]
[SourceTitle "CBM 161 Extra"]
[Source "ChessBase"]
[SourceDate "2014.08.29"]
[SourceVersion "1"]
[SourceVersionDate "2014.08.29"]
[SourceQuality "1"]

1. d4 g6 2. c4 Bg7 3. e4 d6 4. Nc3 Nc6 5. Nge2 e5 6. d5 Nb8 7. g3 Bg4 8. Bg2 Ne7 9. f3 Bd7 10. 0-0 0-0 11. f4 f5 12. fxe5 dxe5 13. exf5 gxf5 14. Bg5 Bf6 15. Bxf6 Rxf6 16. d6 cxd6 17. Bxb7 Qb6+ 18. Rf2 Qxb7 19. Qe1 Rg6 20. Qd2 Qc6 21. b3 Na6 22. Rd1 Nc5 23. Qc2 Rf8 24. Nd5 Nxd5 25. cxd5 Qb6 26. Rdf1 Ne4 0-1

[Event "Prague Golden op 10th"]
[Site "Prague"]
[Date "2014.06.22"]
[Round "1"]
[White "Pivonka, Michael"]
[Black "Kucera, Josef"]
[Result "0-1"]
[WhiteElo "1578"]
[BlackElo "1786"]
[PlyCount "90"]
[EventDate "2014.06.22"]
[EventType "swiss"]
[EventRounds "9"]
[EventCountry "CZE"]
[SourceTitle "CBM 161 Extra"]
[Source "ChessBase"]
[SourceDate "2014.08.29"]
[SourceVersion "1"]
[SourceVersionDate "2014.08.29"]
[SourceQuality "1"]

1. Nf3 g6 2. d4 Bg7 3. c3 Nf6 4. Bf4 d6 5. Nbd2 0-0 6. e4 Nbd7 7. Bc4 c6 8. 0-0 Nxe4 9. Nxe4 d5 10. Bb3 dxe4 11. Ng5 Nf6 12. Re1 Bf5 13. Be5 h6 14. Bxf6 Bxf6 15. Nxe4 Bg7 16. Qe2 Bxe4 17. Qxe4 e6 18. Re3 a5 19. a3 Qb6 20. Qc2 Rac8 21. Rae1 Kh7 22. h4 Qb5 23. Rg3 Qh5 24. Qe4 Bf6 25. Rh3 Qb5 26. Qc2 c5 27. h5 c4 28. hxg6+ fxg6 29. Rg3 Qe8 30. Ba2 Bh4 31. Rf3 Rxf3 32. gxf3 Qf7 33. Qe4 Bg5 34. Kg2 Rc6 35. Bb1 Bf4 36. Rg1 Kg7 37. Kh1 Bg5 38. Rg4 Qf5 39. Kg2 Kf6 40. Kh3 Bc1 41. Qe5+ Qxe5 42. Rxg6+ Kf7 43. dxe5 Rb6 44. Rf6+ Ke7 45. Bg6 Bxb2 0-1

[Event "Mlada Boleslav Region-ch U20"]
[Site "Mlada Boleslav"]
[Date "2012.06.24"]
[Round "5"]
[White "Zemenova, Veronika"]
[Black "Kucera, Josef"]
[Result "0-1"]
[WhiteElo "1100"]
[BlackElo "1250"]
[PlyCount "78"]
[EventDate "2012.06.23"]
[EventType "swiss"]
[EventRounds "7"]
[EventCountry "CZE"]
[SourceTitle "EXT 2014"]
[Source "ChessBase"]
[SourceDate "2013.11.20"]
[SourceVersion "1"]
[SourceVersionDate "2013.11.20"]
[SourceQuality "1"]

1. e4 d5 2. Nc3 d4 3. Nb1 e5 4. Bc4 Nf6 5. d3 Bc5 6. h3 a5 7. Bg5 c6 8. Bb3 a4 9. Bc4 b5 10. Bxf7+ Kxf7 11. a3 Qa5+ 12. Nd2 b4 13. Ngf3 Nbd7 14. 0-0 bxa3 15. bxa3 h6 16. Bxf6 gxf6 17. Rb1 Ba6 18. Nc4 Bxc4 19. dxc4 Bxa3 20. c3 Nb6 21. cxd4 Rhd8 22. d5 Qa6 23. Qd3 Bc5 24. Ne1 a3 25. Ra1 a2 26. Qf3 Bd4 27. Nd3 Nxc4 28. Rfd1 Bxa1 29. Rxa1 Nd2 30. Nxe5+ Ke7 31. Nxc6+ Qxc6 32. dxc6 Nxf3+ 33. gxf3 Rab8 34. c7 Rb1+ 35. Rxb1 axb1Q+ 36. Kg2 Rc8 37. Kg3 Qc1 38. e5 Rg8+ 39. Kh4 Qg5# 0-1

[Event "Ricany op-A"]
[Site "Ricany"]
[Date "2011.08.27"]
[Round "9"]
[White "Kucera, Josef"]
[Black "Ruzicka, Vaclav1111"]
[Result "1/2-1/2"]
[WhiteElo "1852"]
[BlackElo "1740"]
[PlyCount "112"]
[EventDate "2011.08.20"]
[EventType "swiss"]
[EventRounds "9"]
[EventCountry "CZE"]
[SourceTitle "CBM 144 Extra"]
[Source "ChessBase"]
[SourceDate "2011.10.28"]
[SourceVersion "1"]
[SourceVersionDate "2011.10.28"]
[SourceQuality "1"]

1. Nf3 d5 2. g3 Nd7 3. Bg2 e5 4. d3 Ngf6 5. Nbd2 c6 6. 0-0 Be7 7. e4 0-0 8. Re1 Qc7 9. d4 Nxe4 10. Nxe4 dxe4 11. Rxe4 f5 12. Re1 e4 13. Ng5 Nf6 14. c3 Qb6 15. f3 h6 16. Nh3 Bd6 17. fxe4 fxe4 18. Nf2 Bf5 19. Nxe4 Nxe4 20. Bxe4 Qc7 21. Bxf5 Rxf5 22. Qg4 Rf6 23. Bd2 Raf8 24. Rf1 Qf7 25. Rxf6 Qxf6 26. Qe2 Qf7 27. b3 Qg6 28. Re1 Rf6 29. Qe8+ Qxe8 30. Rxe8+ Kf7 31. Re4 g5 32. Kg2 Rf5 33. Re2 b5 34. h4 gxh4 35. gxh4 Be7 36. Be1 c5 37. Rf2 Ke6 38. Rxf5 Kxf5 39. Kf3 cxd4 40. cxd4 h5 41. Bf2 a6 42. Bg3 Bd8 43. d5 Bf6 44. d6 Bd8 45. Ke3 Kg4 46. Be1 Kf5 47. Kd4 Ke6 48. Kc5 Kd7 49. Bg3 Ba5 50. b4 Bd8 51. Be1 Bf6 52. Bg3 Bd8 53. Bf2 Bf6 54. Kd5 Bc3 55. Kc5 Be5 56. Kb6 Bxd6 1/2-1/2